000 00731nam a2200217Ia 4500
001 5891
003 GE_BSU
008 181216s||||||||xx |||||||||||||| ||und||
040 _cGE_BSU
080 _a531.8(075.32)
100 _aВагреев,В.В. Винокуров,А.И. Кисилев,В.А. и др.
245 _aСборник задач по технической механике.
245 _cНаучн. ред. Г.М.Ицкович.
250 _aИзд. второе, перераб.
260 _aЛ.
260 _bСудостроение.
260 _c1968.
300 _a543 стр. с илл. 22 см.
653 _aСборник задач по технической механике.
942 _cBK
999 _c39305
_d39305